[Event "KOS-chT2"]
[Site "Pristina"]
[Date "2023.05.28"]
[Round "4"]
[White "Suljovic, Sulejman"]
[Black "Jusufi, Ahmet"]
[Result "1/2-1/2"]
[WhiteElo "2201"]
[BlackElo "1624"]
[PlyCount "122"]
[EventDate "2023.05.27"]
[EventType "team-swiss"]
[EventRounds "7"]
[EventCountry "KOS"]
[SourceTitle "CBM 214 Extra"]
[Source "ChessBase"]
[SourceDate "2023.07.31"]
[SourceVersion "1"]
[SourceVersionDate "2023.07.31"]
[SourceQuality "1"]
[WhiteTeam "Drenasi"]
[BlackTeam "Ferizaji II"]
[WhiteTeamCountry "KOS"]
[BlackTeamCountry "KOS"]

1. e4 e5 2. Nf3 Nc6 3. Bc4 Nf6 4. d3 Be7 5. 0-0 d6 6. Re1 a6 7. a4 0-0 8. Nbd2 Bd7 9. Nf1 Na5 10. Ba2 c5 11. c3 Nc6 12. Ne3 b5 13. Bb3 b4 14. Nd5 Nxd5 15. Bxd5 Rb8 16. Be3 Qc7 17. h3 h6 18. Qd2 Kh7 19. g4 Be6 20. Bxc6 Qxc6 21. c4 Qd7 22. Nh2 g5 23. Nf1 f6 24. f3 Bf7 25. Ng3 a5 26. Kg2 Bg6 27. Rh1 Kg7 28. Bf2 Rh8 29. b3 Rbc8 30. Rh2 Rh7 31. Rah1 Rch8 32. h4 Bd8 33. Qd1 Kg8 34. Nf1 Bf7 35. Ne3 Be6 36. Kf1 Kf8 37. Ke2 Kg8 38. Qf1 Kf8 39. Qg2 Qf7 40. Be1 Qd7 41. Bd2 Qf7 42. Kd1 Qd7 43. Kc2 Qf7 44. Rh3 Qd7 45. R1h2 Qf7 46. Qh1 Kg8 47. Kd1 Be7 48. Ke2 Bd8 49. Nf5 Bxf5 50. exf5 Be7 51. hxg5 hxg5 52. Rxh7 Rxh7 53. Rxh7 Qxh7 54. Qxh7+ Kxh7 55. Ke3 Kg7 56. Ke4 Kf8 57. Kd5 Kf7 58. Kc6 Ke8 59. Kc7 Kf8 60. Kd7 Kf7 61. Be3 Bf8 1/2-1/2

[Event "SRB-chT2 West"]
[Site "Arandjelovac"]
[Date "2018.10.05"]
[Round "8.3"]
[White "Tojagic, Dane"]
[Black "Suljovic, Sulejman"]
[Result "1/2-1/2"]
[WhiteElo "2275"]
[BlackElo "2236"]
[PlyCount "69"]
[EventDate "2018.09.07"]
[EventType "team-tourn"]
[EventRounds "11"]
[EventCountry "SRB"]
[SourceTitle "EXT 2021"]
[Source "ChessBase"]
[SourceDate "2020.10.23"]
[SourceVersion "1"]
[SourceVersionDate "2020.10.23"]
[SourceQuality "1"]
[WhiteTeam "Loznica Grad"]
[BlackTeam "Tutin"]
[WhiteTeamCountry "SRB"]
[BlackTeamCountry "SRB"]

1. d4 e6 2. c4 f5 3. Nf3 Nf6 4. g3 b6 5. Bg2 Bb7 6. 0-0 Be7 7. d5 0-0 8. Nd4 Qc8 9. Nc3 c5 10. Nc2 Ne8 11. e4 Bf6 12. Ne3 Bxc3 13. bxc3 fxe4 14. Bxe4 Nf6 15. Bg2 Na6 16. Ng4 Nxg4 17. Qxg4 Nc7 18. dxe6 Bxg2 19. Kxg2 Qb7+ 20. f3 Nxe6 21. Be3 Rf7 22. Kg1 Raf8 23. Qe4 Qxe4 24. fxe4 Nd8 25. Bf4 Nc6 26. Rad1 Na5 27. Rd5 Nxc4 28. Rfd1 Rxf4 29. gxf4 Ne3 30. f5 Nxd1 31. Rxd1 Rf7 32. Kg2 g6 33. fxg6 hxg6 34. Rd6 Kg7 35. a4 1/2-1/2

[Event "SCG-chT1 Central"]
[Site "Vrnjacka Banja"]
[Date "2004.09.25"]
[Round "1.6"]
[White "Suljovic, Sulejman"]
[Black "Djokic, Nebojsa"]
[Result "1-0"]
[WhiteElo "2213"]
[BlackElo "2245"]
[PlyCount "169"]
[EventDate "2004.09.25"]
[EventType "team"]
[EventRounds "11"]
[EventCountry "YUG"]
[SourceTitle "CBM 102 Extra"]
[Source "ChessBase"]
[SourceDate "2004.11.03"]
[SourceVersion "1"]
[SourceVersionDate "2004.11.03"]
[SourceQuality "1"]
[WhiteTeam "08"]
[BlackTeam "05"]
[WhiteTeamCountry "YUG"]
[BlackTeamCountry "YUG"]

1. e4 c5 2. Nc3 Nc6 3. g3 g6 4. Bg2 Bg7 5. d3 d6 6. Be3 Rb8 7. Qd2 b5 8. h3 Nd4 9. Nd1 e5 10. c3 Nc6 11. Ne2 b4 12. 0-0 Qa5 13. f4 Nge7 14. f5 f6 15. Bh6 bxc3 16. bxc3 0-0 17. Bxg7 Kxg7 18. fxg6 hxg6 19. Ne3 Be6 20. g4 Qa3 21. Rf2 Qb2 22. Qe1 Qb5 23. Ng3 Rf7 24. Qd2 a5 25. Kh2 a4 26. Raf1 Rbf8 27. Rg1 Rh8 28. Bf1 Qb8 29. Qd1 a3 30. Qc1 Ng8 31. Qxa3 Ra7 32. Qc1 Rxa2 33. Rxa2 Bxa2 34. Rg2 Be6 35. Rb2 Qc8 36. Qd1 Nh6 37. Kg1 Nf7 38. Qb1 Qa8 39. Rg2 Ng5 40. Rb2 Rb8 41. Bg2 Rxb2 42. Qxb2 Qb8 43. Qc1 Qb5 44. h4 Nf7 45. Qf1 Qb6 46. Kh2 Qd8 47. h5 Ng5 48. hxg6 Kxg6 49. Nh5 Nh7 50. Nf5 Ne7 51. Nh4+ Kf7 52. g5 Ng6 53. Nf5 Nxg5 54. Nxd6+ Kg8 55. Qf2 Nf4 56. Nxf4 Qxd6 57. Nh5 Qe7 58. Nxf6+ Kg7 59. Nh5+ Kg6 60. Ng3 Nh7 61. Nf5 Bxf5 62. exf5+ Kg7 63. Qg3+ Kh8 64. Bd5 Nf6 65. Bg2 Qd7 66. Qxe5 Qg7 67. Qg3 Ng4+ 68. Kh3 Ne5 69. Be4 Qxg3+ 70. Kxg3 Kg7 71. Kf4 Kf6 72. Ke3 Ng4+ 73. Kd2 Ke5 74. c4 Nf6 75. Kc3 Nd7 76. Kb3 Nb6 77. Kc3 Na4+ 78. Kd2 Nb6 79. Ke3 Nd7 80. Kf3 Nf6 81. Kg3 Nd7 82. Kg4 Nf6+ 83. Kg5 Ng8 84. Bd5 Nf6 85. Kg6 1-0

[Event "Serbia-chT central"]
[Site "Golubac"]
[Date "2003.??.??"]
[Round "?"]
[White "Suljovic, Sulejman"]
[Black "Lazic, Dragoljub"]
[Result "1/2-1/2"]
[WhiteElo "2199"]
[BlackElo "2337"]
[PlyCount "133"]
[EventDate "2003.09.27"]
[EventType "team"]
[EventRounds "11"]
[EventCountry "YUG"]
[SourceTitle "CBM 096 Extra"]
[Source "ChessBase"]
[SourceDate "2003.10.22"]
[SourceVersion "2"]
[SourceVersionDate "2003.10.20"]
[SourceQuality "1"]

1. e4 c5 2. Nc3 d6 3. g3 Nc6 4. Bg2 g6 5. d3 Bg7 6. Be3 e6 7. Qd2 Nd4 8. Nd1 Rb8 9. c3 Nb5 10. Ne2 Bd7 11. d4 b6 12. 0-0 cxd4 13. Nxd4 Ne7 14. a4 Nxd4 15. Bxd4 e5 16. Be3 Qc7 17. c4 0-0 18. b3 f5 19. Bg5 Bf6 20. Bxf6 Rxf6 21. Nc3 f4 22. f3 a6 23. Rfd1 g5 24. g4 Kg7 25. Rac1 h5 26. h3 hxg4 27. hxg4 Qc5+ 28. Qf2 Nc6 29. Rd5 Qxf2+ 30. Kxf2 Nd4 31. Rd1 Bc6 32. R1xd4 exd4 33. Rxg5+ Rg6 34. Rxg6+ Kxg6 35. Ne2 Kg5 36. Nxd4 Bd7 37. Bf1 Rh8 38. Kg2 Kf6 39. Nc2 b5 40. axb5 axb5 41. cxb5 Ra8 42. Nb4 Rb8 43. Nd5+ Ke5 44. b6 Be6 45. Bc4 Bxd5 46. Bxd5 Rxb6 47. g5 Ra6 48. g6 Kf6 49. Bf7 Ra1 50. b4 Rb1 51. Kh3 Rg1 52. b5 Rg3+ 53. Kh4 Rxf3 54. b6 Rf2 55. b7 Rb2 56. Kg4 Rxb7 57. Kxf4 Rb1 58. Ke3 Rd1 59. Ke2 Rg1 60. Kf2 Rg5 61. Kf3 Ke5 62. Be8 Rg1 63. Kf2 Rg4 64. Kf3 Rf4+ 65. Kg3 Rf8 66. Bf7 Kf6 67. Kf4 1/2-1/2

[Event "BIH-chT2"]
[Site "Neum"]
[Date "2002.08.28"]
[Round "6"]
[White "Suljovic, Sulejman"]
[Black "Sinanovic, Muhamed"]
[Result "0-1"]
[WhiteElo "2232"]
[BlackElo "2399"]
[PlyCount "88"]
[EventDate "2002.08.24"]
[EventType "team"]
[EventRounds "9"]
[EventCountry "BIH"]
[SourceTitle "EXT 2003"]
[Source "ChessBase"]
[SourceDate "2002.11.25"]
[SourceVersion "1"]
[SourceVersionDate "2002.11.25"]
[SourceQuality "1"]

1. e4 d6 2. Nc3 Nd7 3. g3 e5 4. Bg2 Ngf6 5. Nge2 c6 6. 0-0 Be7 7. h3 b5 8. a3 Bb7 9. d3 a5 10. f4 b4 11. Nb1 Qb6+ 12. Kh2 h5 13. d4 c5 14. fxe5 dxe5 15. d5 c4 16. Bf3 Ng4+ 17. Kg2 Ne3+ 18. Bxe3 Qxe3 19. axb4 axb4 20. Rxa8+ Bxa8 21. Qd2 Qc5 22. Rd1 Rh6 23. Ng1 h4 24. g4 Ra6 25. c3 b3 26. Na3 Qc8 27. Nb5 Ra2 28. d6 Bd8 29. Na3 Bb7 30. Ne2 Qc6 31. Nc1 Ra1 32. Qe2 Bg5 33. Nxb3 Rxd1 34. Qxd1 cxb3 35. Qxb3 Nc5 36. Qb4 Nd3 37. Qc4 Nxb2 38. Qe2 Na4 39. Nc4 Ba6 40. Nxe5 Qxd6 41. Qa2 Qxe5 42. Qxa4+ Qb5 43. Qd1 Qb2+ 44. Kh1 Qxc3 0-1

[Event "BIH-chT2"]
[Site "Neum"]
[Date "2002.08.26"]
[Round "3"]
[White "Muratovic, Enver"]
[Black "Suljovic, Sulejman"]
[Result "1-0"]
[WhiteElo "2314"]
[BlackElo "2232"]
[PlyCount "109"]
[EventDate "2002.08.24"]
[EventType "team"]
[EventRounds "9"]
[EventCountry "BIH"]
[SourceTitle "EXT 2003"]
[Source "ChessBase"]
[SourceDate "2002.11.25"]
[SourceVersion "1"]
[SourceVersionDate "2002.11.25"]
[SourceQuality "1"]

1. e4 e6 2. d4 d5 3. e5 c5 4. c3 Nc6 5. Nf3 Qb6 6. a3 Bd7 7. b4 cxd4 8. cxd4 Nge7 9. Nc3 Nf5 10. Na4 Qd8 11. Be3 b6 12. Bd3 Be7 13. Qb3 g6 14. 0-0 0-0 15. Bxf5 gxf5 16. Bh6 Re8 17. Nb2 Kh8 18. Nd3 Rg8 19. Nf4 Bf8 20. Bxf8 Qxf8 21. Nh5 Qd8 22. Qe3 Rg6 23. Nf6 Be8 24. h4 Ne7 25. h5 Rg7 26. h6 Rg6 27. Nh4 Rxf6 28. exf6 Ng8 29. Rfc1 Qxf6 30. Nf3 Nxh6 31. Qe5 Kg7 32. Qf4 Ng4 33. Rc7 a5 34. bxa5 Rxa5 35. Qd6 Ra8 36. Qxb6 f4 37. Qd6 Bb5 38. Re1 Kg8 39. Rc3 Bc4 40. g3 fxg3 41. fxg3 Kh8 42. Qf4 Rg8 43. Qxf6+ Nxf6 44. Ne5 Kg7 45. Rf3 Rf8 46. Rxf6 Kxf6 47. Nd7+ Ke7 48. Nxf8 Kxf8 49. a4 Ke7 50. a5 Kd6 51. Ra1 Ba6 52. Rb1 Kc7 53. Kf2 Bc4 54. Ke3 f6 55. Rb6 1-0

[Event "Kastav Hotel Opatija 01"]
[Site "Kastav"]
[Date "2002.01.11"]
[Round "6"]
[White "Milu, Romeo Sorin"]
[Black "Suljovic, Sulejman"]
[Result "1-0"]
[WhiteElo "2447"]
[BlackElo "2211"]
[PlyCount "29"]
[EventDate "2002.01.07"]
[EventType "tourn"]
[EventRounds "9"]
[EventCountry "CRO"]
[EventCategory "4"]
[SourceTitle "CBM 086 Extra"]
[Source "ChessBase"]
[SourceDate "2002.03.14"]
[SourceVersion "1"]
[SourceVersionDate "2002.03.14"]
[SourceQuality "1"]

1. e4 e6 2. d4 d5 3. Nc3 dxe4 4. Nxe4 Bd7 5. Nf3 Bc6 6. Bd3 Nd7 7. 0-0 Be7 8. Re1 Ngf6 9. Ng3 h5 10. h3 h4 11. Nf1 Nb6 12. N1h2 Qd5 13. b3 Qh5 14. Re5 Bxf3 15. Nxf3 1-0

[Event "Ajvatovica IM"]
[Site "Donji Vakuf"]
[Date "2001.06.18"]
[Round "7"]
[White "Leventic, Ivan"]
[Black "Suljovic, Sulejman"]
[Result "1-0"]
[WhiteElo "2408"]
[BlackElo "2211"]
[PlyCount "45"]
[EventDate "2001.06.15"]
[EventType "tourn"]
[EventRounds "9"]
[EventCountry "BIH"]
[EventCategory "5"]
[SourceTitle "CBM 082 Extra"]
[Source "ChessBase"]
[SourceDate "2001.07.03"]
[SourceVersion "1"]
[SourceVersionDate "2001.07.03"]
[SourceQuality "1"]

1. e4 e6 2. d4 d5 3. Nd2 dxe4 4. Nxe4 Bd7 5. Nf3 Bc6 6. Bd3 Nd7 7. 0-0 Be7 8. Qe2 Ngf6 9. c4 Bxe4 10. Bxe4 Nxe4 11. Qxe4 c6 12. Bf4 0-0 13. Rfe1 Qb6 14. Qc2 Bf6 15. Rad1 Rfd8 16. Re3 Nf8 17. Rb3 Qa6 18. Bc7 Rd7 19. Ra3 Qxa3 20. bxa3 Rxc7 21. a4 g6 22. Qe4 Rd8 23. Qf4 1-0

[Event "Ajvatovica IM"]
[Site "Donji Vakuf"]
[Date "2001.06.17"]
[Round "5"]
[White "Kosic, Dragan"]
[Black "Suljovic, Sulejman"]
[Result "1-0"]
[WhiteElo "2508"]
[BlackElo "2211"]
[PlyCount "47"]
[EventDate "2001.06.15"]
[EventType "tourn"]
[EventRounds "9"]
[EventCountry "BIH"]
[EventCategory "5"]
[SourceTitle "CBM 082 Extra"]
[Source "ChessBase"]
[SourceDate "2001.07.03"]
[SourceVersion "1"]
[SourceVersionDate "2001.07.03"]
[SourceQuality "1"]

1. d4 e6 2. g3 c5 3. Nf3 d5 4. Bg2 cxd4 5. Nxd4 Nf6 6. 0-0 Be7 7. c4 0-0 8. cxd5 Nxd5 9. Qb3 Na6 10. Rd1 Nc5 11. Qf3 Qb6 12. Nd2 a5 13. e4 Nc7 14. Nc4 Qa6 15. Bf4 Qxc4 16. Bxc7 Nd7 17. Rac1 Qxa2 18. Qe2 Qa4 19. Rc4 Qa2 20. Rcc1 Qa4 21. Rc4 Qa2 22. e5 Ra6 23. Rc2 Nb6 24. b4 1-0

[Event "Ajvatovica IM"]
[Site "Donji Vakuf"]
[Date "2001.06.16"]
[Round "3"]
[White "Bistric, Faruk"]
[Black "Suljovic, Sulejman"]
[Result "1-0"]
[WhiteElo "2454"]
[BlackElo "2211"]
[PlyCount "69"]
[EventDate "2001.06.15"]
[EventType "tourn"]
[EventRounds "9"]
[EventCountry "BIH"]
[EventCategory "5"]
[SourceTitle "CBM 082 Extra"]
[Source "ChessBase"]
[SourceDate "2001.07.03"]
[SourceVersion "1"]
[SourceVersionDate "2001.07.03"]
[SourceQuality "1"]

1. Nf3 d6 2. d4 Nd7 3. e4 e5 4. Bc4 Be7 5. dxe5 Nxe5 6. Nxe5 dxe5 7. Qh5 g6 8. Qxe5 Nf6 9. Bh6 Qd6 10. Qxd6 cxd6 11. Nc3 Be6 12. Bb5+ Nd7 13. 0-0-0 0-0-0 14. Nd5 Bxd5 15. Bxd7+ Rxd7 16. Rxd5 Rc7 17. Rhd1 Rd8 18. R1d3 Rc6 19. Kd2 f6 20. Be3 Kd7 21. g4 Ke6 22. Bd4 Rdc8 23. c3 Bf8 24. Rh3 R8c7 25. f4 Rf7 26. Kd3 a6 27. a4 Kd7 28. Rf3 Rc8 29. h4 Be7 30. c4 f5 31. exf5 gxf5 32. g5 Re8 33. Re3 Bf8 34. Rxe8 Kxe8 35. h5 1-0

[Event "BIH-chT"]
[Site "Bihac"]
[Date "1999.08.27"]
[Round "7"]
[White "Suljovic, Sulejman"]
[Black "Delchev, Aleksander"]
[Result "0-1"]
[WhiteElo "2260"]
[BlackElo "2521"]
[PlyCount "74"]
[EventDate "1999.08.21"]
[EventType "team"]
[EventRounds "9"]
[EventCountry "BIH"]
[SourceTitle "EXT 2000"]
[Source "ChessBase"]
[SourceDate "1999.11.16"]
[SourceVersion "1"]
[SourceVersionDate "1999.11.16"]
[SourceQuality "1"]

1. e4 c5 2. Nc3 Nc6 3. g3 g6 4. Bg2 Bg7 5. d3 d6 6. Be3 Rb8 7. Qd2 b5 8. Nge2 Nd4 9. f4 Bg4 10. Ng1 b4 11. Nd1 Qa5 12. Bxd4 cxd4 13. Nf2 Bd7 14. Nf3 e5 15. 0-0 Qc5 16. Kh1 h5 17. Bh3 Nf6 18. Bxd7+ Nxd7 19. Nh3 Bh6 20. Qe2 Rc8 21. Rf2 Nf6 22. Ne1 Ng4 23. Rf3 0-0 24. Nf2 f5 25. exf5 gxf5 26. h3 Ne3 27. Nd1 Nd5 28. Rf2 Qc6 29. Ng2 exf4 30. Qxh5 Rf6 31. g4 fxg4 32. hxg4 f3 33. Kg1 Re8 34. Nc3 bxc3 35. g5 Re5 36. Rxf3 Rxg5 37. Qh3 Nf4 0-1

[Event "BIH-chT"]
[Site "Bihac"]
[Date "1999.08.24"]
[Round "4"]
[White "Kekic, Armin"]
[Black "Suljovic, Sulejman"]
[Result "1-0"]
[WhiteElo "2126"]
[BlackElo "2260"]
[PlyCount "135"]
[EventDate "1999.08.21"]
[EventType "team"]
[EventRounds "9"]
[EventCountry "BIH"]
[SourceTitle "EXT 2000"]
[Source "ChessBase"]
[SourceDate "1999.11.16"]
[SourceVersion "1"]
[SourceVersionDate "1999.11.16"]
[SourceQuality "1"]

1. e4 e6 2. d4 d5 3. Nc3 Bb4 4. e5 c5 5. a3 cxd4 6. axb4 dxc3 7. Qg4 Ne7 8. Qxg7 Rg8 9. Qxh7 Qc7 10. f4 Nbc6 11. Ne2 cxb2 12. Bxb2 Nxb4 13. Nd4 Bd7 14. c3 Qb6 15. Ba3 Nbc6 16. Rb1 Qa5 17. Nb5 0-0-0 18. Bxe7 Nxe7 19. Nd6+ Kb8 20. Qd3 Bc6 21. Qd4 Nc8 22. Nxf7 Rd7 23. Ng5 Qa2 24. Rd1 Ne7 25. Nxe6 Ba4 26. Nc5 Bxd1 27. Nxd7+ Kc7 28. Qxd1 Kxd7 29. g3 Rh8 30. Qd2 Qb1+ 31. Kf2 Kc7 32. Bg2 Qb6+ 33. Qe3 Qb2+ 34. Kf3 Kb8 35. g4 Rc8 36. Rd1 Rxc3 37. Rd3 Rc2 38. Rb3 Qa1 39. Ra3 Qd1+ 40. Kg3 d4 41. Qf3 Qe1+ 42. Kh3 Nc6 43. g5 Rc3 44. Rxc3 dxc3 45. g6 Qb1 46. Qxc3 Qf5+ 47. Kg3 Qxg6+ 48. Kf2 Qh6 49. Bxc6 bxc6 50. Qb3+ Kc7 51. Qf7+ Kb6 52. Kg3 Qh8 53. e6 Qc3+ 54. Kg4 Qe3 55. e7 Qg1+ 56. Kf5 Qc5+ 57. Kg6 Qd6+ 58. Kh7 Qd3+ 59. f5 Qh3+ 60. Kg7 Qg4+ 61. Qg6 Qd4+ 62. f6 Qd7 63. h4 a5 64. h5 a4 65. Kh8 a3 66. e8Q Qd6 67. Qe7 Qb8+ 68. Qg8 1-0